A discrete transition to advanced mathematics / (Record no. 46)

MARC details
000 -LEADER
fixed length control field 00986cam a22002894a 4500
001 - CONTROL NUMBER
control field 13112317
003 - CONTROL NUMBER IDENTIFIER
control field UOELD
005 - DATE AND TIME OF LATEST TRANSACTION
control field 20131219115032.0
008 - FIXED-LENGTH DATA ELEMENTS--GENERAL INFORMATION
fixed length control field 030305s2004 caua b 001 0 eng
010 ## - LIBRARY OF CONGRESS CONTROL NUMBER
LC control number 2003103445
020 ## - INTERNATIONAL STANDARD BOOK NUMBER
International Standard Book Number 0534405185
035 ## - SYSTEM CONTROL NUMBER
System control number (DLC) 2003103445
040 ## - CATALOGING SOURCE
Original cataloging agency DLC
Transcribing agency DLC
Modifying agency DLC
042 ## - AUTHENTICATION CODE
Authentication code pcc
050 00 - LIBRARY OF CONGRESS CALL NUMBER
Classification number QA39.3
Item number .R53 2004
082 00 - DEWEY DECIMAL CLASSIFICATION NUMBER
Classification number 510
Edition number 22
100 1# - MAIN ENTRY--PERSONAL NAME
Personal name Richmond, Bettina.
245 12 - TITLE STATEMENT
Title A discrete transition to advanced mathematics /
Statement of responsibility, etc. Bettina Richmond, Thomas Richmond.
260 ## - PUBLICATION, DISTRIBUTION, ETC. (IMPRINT)
Place of publication, distribution, etc. Belmont, CA :
Name of publisher, distributor, etc. Thomson/Brooks/Cole,
Date of publication, distribution, etc. c2004.
300 ## - PHYSICAL DESCRIPTION
Extent vii, 424 p. :
Other physical details ill. (some col.) ;
Dimensions 25 cm.
504 ## - BIBLIOGRAPHY, ETC. NOTE
Bibliography, etc Includes bibliographical references (p. 419-420) and index.
650 #0 - SUBJECT ADDED ENTRY--TOPICAL TERM
Topical term or geographic name as entry element Mathematics.
700 1# - ADDED ENTRY--PERSONAL NAME
Personal name Richmond, Thomas.
906 ## - LOCAL DATA ELEMENT F, LDF (RLIN)
a 7
b cbc
c orignew
d 3
e epcn
f 20
g y-gencatlg
942 ## - ADDED ENTRY ELEMENTS (KOHA)
Source of classification or shelving scheme Library of Congress Classification
Koha item type Loan - Normal on open shelf
Holdings
Withdrawn status Lost status Source of classification or shelving scheme Damaged status Not for loan Home library Current library Shelving location Date acquired Cost, normal purchase price Total Checkouts Full call number Barcode Date last seen Copy number Price effective from Koha item type
    Library of Congress Classification     UOE Main Library UOE Main Library Open shelf 19/12/2013 5280.00   QA39.3 .R53 2004 20137245 27/04/2026 20137245 19/12/2013 Loan - Normal on open shelf
    Library of Congress Classification     UOE Main Library UOE Main Library Open shelf 08/06/2015     QA39.3 .R53 2004 20137248 27/04/2026 20137248 08/06/2015 Loan - Normal on open shelf
    Library of Congress Classification     UOE Main Library UOE Main Library Open shelf 08/06/2015     QA39.3 .R53 2004 20137247 27/04/2026 20137247 08/06/2015 Loan - Normal on open shelf